The 7th Asia Pacific Triennial of Contemporary Art (APT7) / (Record no. 5841)
[ view plain ]
| 000 -LEADER | |
|---|---|
| fixed length control field | 02101pam a22004817a 4500 |
| 001 - CONTROL NUMBER | |
| control field | 17667057 |
| 003 - CONTROL NUMBER IDENTIFIER | |
| control field | OSt |
| 005 - DATE AND TIME OF LATEST TRANSACTION | |
| control field | 20260429112913.0 |
| 008 - FIXED-LENGTH DATA ELEMENTS--GENERAL INFORMATION | |
| fixed length control field | 130320s2012 qeaac b s000 0 eng |
| 010 ## - LIBRARY OF CONGRESS CONTROL NUMBER | |
| LC control number | 2013376261 |
| 020 ## - INTERNATIONAL STANDARD BOOK NUMBER | |
| International Standard Book Number | 9781921503375 |
| Qualifying information | pbk. |
| 035 ## - SYSTEM CONTROL NUMBER | |
| System control number | 17667057 |
| 037 ## - SOURCE OF ACQUISITION | |
| Source of stock number/acquisition | PO Box 3686 South Brisbane QLD 4101 |
| 040 ## - CATALOGING SOURCE | |
| Transcribing agency | Foundation University |
| 042 ## - AUTHENTICATION CODE | |
| Authentication code | lccopycat |
| 043 ## - GEOGRAPHIC AREA CODE | |
| Geographic area code | u------ |
| -- | a------ |
| 050 00 - LIBRARY OF CONGRESS CALL NUMBER | |
| Classification number | N 5085 |
| Item number | .A85 2012 |
| 111 2# - MAIN ENTRY--MEETING NAME | |
| Meeting name or jurisdiction name as entry element | Asia-Pacific Triennial of Contemporary Art |
| Number of part/section/meeting | (7th : |
| Date of meeting or treaty signing | 2012 : |
| Location of meeting | Brisbane, Qld.) |
| 9 (RLIN) | 15777 |
| 245 14 - TITLE STATEMENT | |
| Title | The 7th Asia Pacific Triennial of Contemporary Art (APT7) / |
| Statement of responsibility, etc. | Queensland Art Gallery, Gallery of Modern Art. |
| 246 3# - VARYING FORM OF TITLE | |
| Title proper/short title | Seventh Asia Pacific Triennial of Contemporary Art (APT7) |
| 246 33 - VARYING FORM OF TITLE | |
| Title proper/short title | APT7 |
| 260 ## - PUBLICATION, DISTRIBUTION, ETC. | |
| Place of publication, distribution, etc. | South Brisbane, Qld. : |
| Name of publisher, distributor, etc. | Queensland Art Gallery, |
| Date of publication, distribution, etc. | ©2012. |
| 264 ## - PRODUCTION, PUBLICATION, DISTRIBUTION, MANUFACTURE, AND COPYRIGHT NOTICE | |
| Copyright Date | 2012 |
| 300 ## - PHYSICAL DESCRIPTION | |
| Extent | 320 p. : |
| Other physical details | col. ill., ports. ; |
| Dimensions | 31 cm. |
| Materials specified | books |
| Type of unit | books |
| 336 ## - CONTENT TYPE | |
| Content type term | text |
| Content type code | txt |
| Source | rdacontent |
| Materials specified | books |
| 337 ## - MEDIA TYPE | |
| Media type term | unmediated |
| Media type code | n |
| Source | rdamedia |
| Materials specified | books |
| 338 ## - CARRIER TYPE | |
| Carrier type term | volume |
| Carrier type code | nc |
| Source | rdacarrier |
| Materials specified | books |
| 500 ## - GENERAL NOTE | |
| General note | "20 years of APT 1993-2013". |
| 504 ## - BIBLIOGRAPHY, ETC. NOTE | |
| Bibliography, etc. note | Includes bibliographical references. |
| 585 ## - EXHIBITIONS NOTE | |
| Exhibitions note | Published for an exhibition of the same name organised by the Queensland Art Gallery, Gallery of Modern Art (QAGOMA) and held at QAGOMA, Brisbane, 8 December 2012-14 April 2013. |
| 610 20 - SUBJECT ADDED ENTRY--CORPORATE NAME | |
| Corporate name or jurisdiction name as entry element | Queensland Art Gallery |
| Form subdivision | Exhibitions. |
| 9 (RLIN) | 12686 |
| 650 #0 - SUBJECT ADDED ENTRY--TOPICAL TERM | |
| Topical term or geographic name entry element | Art, Asian |
| Form subdivision | Exhibitions. |
| 9 (RLIN) | 12687 |
| 650 #0 - SUBJECT ADDED ENTRY--TOPICAL TERM | |
| Topical term or geographic name entry element | Art, Australasian |
| Form subdivision | Exhibitions. |
| 9 (RLIN) | 12688 |
| 650 #0 - SUBJECT ADDED ENTRY--TOPICAL TERM | |
| Topical term or geographic name entry element | Art, Modern |
| Chronological subdivision | 21st century |
| Form subdivision | Exhibitions. |
| 9 (RLIN) | 12689 |
| 650 #0 - SUBJECT ADDED ENTRY--TOPICAL TERM | |
| Topical term or geographic name entry element | Artists |
| Form subdivision | Interviews. |
| 9 (RLIN) | 12690 |
| 653 ## - INDEX TERM--UNCONTROLLED | |
| Uncontrolled term | Australian |
| 655 #7 - INDEX TERM--GENRE/FORM | |
| Genre/form data or focus term | Exhibition catalogs. |
| Source of term | lcgft |
| Authority record control number or standard number | https://id.loc.gov/authorities/genreForms/gf2014026098 |
| 9 (RLIN) | 12632 |
| 710 2# - ADDED ENTRY--CORPORATE NAME | |
| Corporate name or jurisdiction name as entry element | Queensland Art Gallery. |
| Subordinate unit | Gallery of Modern Art. |
| 9 (RLIN) | 15778 |
| 906 ## - LOCAL DATA ELEMENT F, LDF (RLIN) | |
| a | 7 |
| b | cbc |
| c | copycat |
| d | 3 |
| e | ncip |
| f | 20 |
| g | y-gencatlg |
| 942 ## - ADDED ENTRY ELEMENTS (KOHA) | |
| Source of classification or shelving scheme | Library of Congress Classification |
| Koha item type | Books |
| Classification part | N 5085 |
| Item part | .2012 A85 |
| Call number prefix | (DAFA-FA) |
| Withdrawn status | Lost status | Source of classification or shelving scheme | Damaged status | Not for loan | Collection code | Home library | Current library | Shelving location | Date acquired | Source of acquisition | Total Checkouts | Full call number | Barcode | Date last seen | Price effective from | Koha item type | Accession Number |
|---|---|---|---|---|---|---|---|---|---|---|---|---|---|---|---|---|---|
| Library of Congress Classification | Non-fiction | Foundation University Library | Foundation University Library | DoArchitecture & Fine Arts | 04/29/2026 | Donations | (DAFA-FA) N 5085 .2012 A85 | 0192026003290 | 04/29/2026 | 04/29/2026 | Books | DAFA-2026290 |
